Les arcanes du tarot de Marseille en images - Statistiques

Statistiques générales
  • Ce quiz a été pris 55 fois
  • Le résultat moyen est 18 sur 22
Statistiques - réponses
Par images Hint Réponse % Correct
F Fou
100%
M / XIII Mort
100%
L / XVIII Lune
98%
P / V Pape
98%
B / I Bateleur
88%
D / XV Diable
86%
S / XIX Soleil
86%
J / VIII Justice
84%
P / II Papesse
84%
E / XVII Etoile
81%
P / XII Pendu
81%
E / IV Empereur
79%
I / III Impératrice
79%
M / XXI Monde
79%
E / IX Ermite
77%
A / VI Amoureux
72%
C / VII Chariot
72%
J / XX Jugement
72%
T / XIV Tempérance
72%
RF / X Roue de la fortune
67%
F / XI Force
65%
MD / XVI Maison Dieu
56%
Aucun quiz correspondant
Distribution des résultats
% des personnes avec chaque résultat
Percentile par nombre de réponses
Votre historique - résultats
Vous n’avez pas pris ce quiz